EU Membership and Foreign Trade Structure: what the Cause of Bulgaria Could Say

Analýza dynamiky zahraničného obchodu Bulharska v období rokov 2010 – 2019. Overenie hypotézy, či členstvo v Európskej únii mení geografickú štruktúru obchodných vzťahov.

Guardado en:
Detalles Bibliográficos
Autor principal: Patonov, Nikolay
Otros Autores: Zhegova, Katerina
Formato: Capítulo de libro
Lenguaje:inglés
Materias:
Etiquetas: Agregar Etiqueta
Sin Etiquetas, Sea el primero en etiquetar este registro!

MARC

LEADER 00000naa a2200000 4500
001 0252065
005 20221104111821.1
041 0 |a eng 
044 |a SK 
245 1 0 |a EU Membership and Foreign Trade Structure: what the Cause of Bulgaria Could Say  |c Nikolay Patonov, Katerina Zhegova 
520 |a Analýza dynamiky zahraničného obchodu Bulharska v období rokov 2010 – 2019. Overenie hypotézy, či členstvo v Európskej únii mení geografickú štruktúru obchodných vzťahov. 
610 2 0 |a Európska únia 
610 2 0 |a obchod zahraničný 
610 2 0 |a Bulharsko 
610 2 0 |a vzťahy obchodné 
610 2 0 |a dynamika ekonomiky 
100 1 |a Patonov, Nikolay 
700 1 |a Zhegova, Katerina